Seemingly Unrelated Trivia II Quiz Stats

 Plays Quiz Updated Jun 9, 2018

Challenge
Share
Tweet
Embed
Score 0/20 Timer 05:00
1 Play Today
Question Answer % Correct
A term of address for a man who has been knighted by the British royalty.sir
97.2%
For most sports teams, half of their games are at home and the other half are this.away
87.4%
In movies, this word can precede Psycho, Hustle, Graffiti, and Dreamz.American
85.2%
This legal term refers to the threat or attempt to strike another, successful or not, and is often paired with batteryassault
74.5%
This metropolis of the Pacific Northwest is nicknamed 'The Emerald City.'Seattle
70.2%
This term is used to describe a highest level of naval officer.admiral
68.8%
This is the most populous city in the state of Nebraska.Omaha
65.9%
In this 2-player card game with a standard deck, each player compares one card at a time to find a winner.war
64.5%
Clara who founded the Red Cross in the U.S. or Clint who is Hawkeye.Barton
63.6%
The adjective form for this animal is vulpine.fox
60.8%
Question Answer % Correct
This word for a group of coordinated warships can also mean fast or swiftfleet
58.2%
A term for a speeding ticket or a reference in a paper.citation
50.8%
To space text so that the lines are even at the margin or to prove or show something is right or reasonablejustify
44%
This word can mean having killed a dragon or a large collection of things.slew
36%
This adjective meaning brave was paired with Goofus in a Highlights cartoon.Gallant
31.7%
This European peerage title is equivalent to a British earl.count
27.3%
Jay who joined the cast of Saturday Night Live in 2010.Pharoah
25.9%
Took a legally binding oath means that you swore on the Bible or did this.affirmed
11.6%
To move quickly in a circle or to go quickly by.whirl
11.1%
An administrative government department, like what used to govern the Soviet Communist party.secretariat
11%

You're not logged in!

Compare scores with friends on all Sporcle quizzes.
OR
Log In

You Might Also Like...

Show Comments

Extras

Top Quizzes Today


Score Distribution

Your Account Isn't Verified!

In order to create a playlist on Sporcle, you need to verify the email address you used during registration. Go to your Sporcle Settings to finish the process.

Report this User

Report this user for behavior that violates our Community Guidelines.

Details: